000
00319nam a22001457a 4500
003
SGT
082
_a
330.065,MIT
100
_a
MITTAL,A
245
_a
MICROECONOMICS THEORY AND APPLICATION PART-I
250
_a
2ND
260
_a
NEW DELHI
_b
TAXMAN
_c
2008
300
_a
428
650
_a
MICROECONOMICS
942
_2
ddc
_c
BK
999
_c
9589
_d
9589